000 00459nam a2200157 4500
001 127006
003 ES-MaACL
005 20230906192926.0
007 t|
008 070214s1974 pr r ||||1| spa d
100 1 _aRibera Chevremont, Evaristo.
_996787
245 1 3 _aEl caos de los sueƱos /
_cEvaristo Ribera Chevremont.
260 _aSan Juan de Puerto Rico :
_bCordillera,
_c1974.
300 _a137 p. ;
_c23 cm.
852 _aES-MaACL
_jA-10566
_bR.99312
999 _c127006
_d127006